Οι αλλαγές στην κατάρτιση και παρουσίαση των οικονομικών καταστάσεων των ελληνικών επιχειρήσεων από την εφαρμογή των διεθνών λογιστικών προτύπων : [πτυχιακή εργασία]
Αποθηκεύτηκε σε:
| Κύριος συγγραφέας: | |
|---|---|
| Συγγραφή απο Οργανισμό/Αρχή: | |
| Άλλοι συγγραφείς: | |
| Μορφή: | Thesis Βιβλίο |
| Γλώσσα: | Greek |
| Δημοσίευση: |
2005
|
| Θέματα: | |
| Διαθέσιμο Online: | http://hdl.handle.net/11610/6624 |
| Ετικέτες: |
Προσθήκη ετικέτας
Δεν υπάρχουν, Καταχωρήστε ετικέτα πρώτοι!
|
MARC
| LEADER | 00000cam a2200000 i 4500 | ||
|---|---|---|---|
| 001 | 1/28500 | ||
| 008 | 060502s2005 gre d | ||
| 035 | |l 10083668 | ||
| 040 | |a GR-MY-UA |b gre |e aacr | ||
| 041 | 0 | |a gre | |
| 082 | 0 | |a 657.0218 |2 (22) | |
| 100 | 1 | |a Διακομιχάλης, Χαράλαμπος. | |
| 245 | 1 | 3 | |a Οι αλλαγές στην κατάρτιση και παρουσίαση των οικονομικών καταστάσεων των ελληνικών επιχειρήσεων από την εφαρμογή των διεθνών λογιστικών προτύπων : |b [πτυχιακή εργασία] / |c Διακομιχάλης Χαράλαμπος ; επιβλέπων Μ.Μπεκιάρης |
| 260 | |c 2005 | ||
| 300 | |a 131 σ.; |b πίν.; |c 30 εκ. | ||
| 502 | |a Πτυχιακή εργασία – Πανεπιστήμιο Αιγαίου, Χίος, 2005. | ||
| 504 | |a Περιλαμβάνει βιβλιογραφία | ||
| 610 | 2 | 0 | |a Πανεπιστήμιο Αιγαίου. |
| 650 | 0 | 0 | |a Accounting |x Standards. |
| 650 | 0 | 0 | |a Accounting |x Problems, exercises, etc. |
| 650 | 0 | 0 | |a Financial statements |z Greece. |
| 650 | 0 | 0 | |a Business enterprises |x Finance. |
| 650 | 0 | 0 | |a Dissertations, Academic |z Greece. |
| 700 | 0 | |4 ths |a Μπεκιάρης, Μιχάλης. | |
| 710 | 1 | |a Πανεπιστήμιο Αιγαίου |b Σχολή Επιστημών της Διοίκησης |b Τμήμα Διοίκησης Επιχειρήσεων - Τ.Δ.Ε. | |
| 852 | |a INST |b CHIOS |c DIATR |e 20060502 |h 657.0218 ΔΙΑ |p 005200024647 |q 005200024647 |t DIE |y 23 | ||
| 852 | |a INST |b CHIOS |c DIATR |e 20060502 |h 657.0218 ΔΙΑ |p 005200024648 |q 005200024648 |t DIE |y 23 | ||
| 856 | |u http://hdl.handle.net/11610/6624 | ||
| 901 | |a BIBL2-2006-1 | ||
| 909 | |a Χ |b 119607 | ||
| 909 | |a Χ |b 119608 | ||
| 924 | |a Διακομιχάλης |b Χαράλαμπος |y Χίος |z 2005-10 | ||
| 970 | |a Βασιλάκη |b Νίκη |z 2006/05/02 | ||